000 00500nam a2200169 i 4500
001 135880
003 ES-MaACL
005 20230906194959.0
007 t|
008 070214s1951 sp a |||| | spa d
100 1 _aRuiz-Contreras, José María.
_9100710
245 1 3 _aEl parto normal y el distócico /
_cpor el Dr. José Mª Ruiz Contreras.
260 _aBarcelona :
_bManuel Marín,
_c1951.
300 _aXII, 548 p. :
_bil. ;
_c23 cm.
650 0 4 _aParto.
_915879
852 _aES-MaACL
_jC-4088
999 _c135880
_d135880